Extrakcia biologicky aktívnych látok z brezovej kôry

Saved in:
Bibliographic Details
Main Author: Madleňáková, Klaudia (Author)
Other Authors: Ház, Aleš (Thesis advisor)
Format: Manuscript Book
Language:Slovak
Published: 2021
Subjects:
Online Access:http://is.stuba.sk/zp/portal_zp.pl?podrobnosti=157628
Tags: Add Tag
No Tags, Be the first to tag this record!

MARC

LEADER 00000ntm a22000003a 4500
001 stuzp84291
003 SK-STU
005 20210605210551.9
007 ta
008 150427s2015----xo-----f-mn---000-0-slo-d
040 |a STU  |b slo 
041 0 |a slo 
100 1 |a Madleňáková, Klaudia  |u 049380  |k Z4  |4 aut  |U FCHPT Ústav prírodných a syntetických polymérov  |T FCHPT Oddelenie dreva, celulózy a papiera  |X 86729  |U C9380  |Y 129  |7 86729 
242 0 1 |a Extraction of biologically active substances from birch bark  |y eng 
245 1 0 |a Extrakcia biologicky aktívnych látok z brezovej kôry 
260 |c 2021 
650 4 |a brezová kôra  |2 slo 
650 4 |a betulín  |2 slo 
650 4 |a triterpény  |2 slo 
650 4 |a birch bark  |2 eng 
650 4 |a betulin  |2 eng 
650 4 |a triterpenes  |2 eng 
700 1 |a Ház, Aleš  |u 049380  |k Z2  |4 ths  |U FCHPT Ústav prírodných a syntetických polymérov  |T FCHPT Oddelenie dreva, celulózy a papiera  |X 22008  |U C9380  |Y 129  |7 A000022008 
856 4 |u http://is.stuba.sk/zp/portal_zp.pl?podrobnosti=157628